书目信息 |
| 题名: |
运动大脑
|
|
| 作者: | 卡特瓦拉 著 ;陈龙斌 , 王傅雷 译 | |
| 分册: | ||
| 出版信息: | 北京 机械工业出版社 2019 |
|
| 页数: | 261页 | |
| 开本: | 24cm | |
| 丛书名: | ||
| 单 册: | ||
| 中图分类: | G819 | |
| 科图分类: | ||
| 主题词: | 运动神经--影响--运动技术--研究 | |
| 电子资源: | ||
| ISBN: | 978-7-111-61694-8 | |
| 000 | 01751nam0 2200313 450 | |
| 001 | 2070245705 | |
| 005 | 20210104171954.56 | |
| 010 | @a978-7-111-61694-8@dCNY65.00 | |
| 100 | @a20190321d2019 em y0chiy50 ea | |
| 101 | 1 | @achi@ceng |
| 102 | @aCN@b110000 | |
| 105 | @aa z 000yy | |
| 200 | 1 | @a运动大脑@9yun dong da nao@b专著@e神经科学助你提升运动技能@dThe athletic brain@ehow neuroscience is revolutionising sport and can help you perform better@f(英)阿米特·卡特瓦拉(Amit Katwala)著@g陈龙斌,王傅雷译@zeng |
| 210 | @a北京@c机械工业出版社@d2019 | |
| 215 | @a261页@c图@d24cm | |
| 305 | @a本书中文简体字版由Simon & Schuster,Inc.通过Andrew Nurnberg Associates international Ltd.授权机械工业出版社在中华人民共和国境内(不包括香港、澳门特别行政区及台湾地区)独家出版发行 | |
| 314 | @a阿米特·卡特瓦拉 (Amit Katwala),是一名屡获殊荣的体育、科技记者。他在牛津大学获得了实验心理学学位。 | |
| 314 | @a陈龙斌,福建泉州人,清华大学教育学在读博士,中学正高级教师、特级教师。编著《每一棵树都有它的春天》等书籍。 | |
| 314 | @a王傅雷,山东临沂人,现任教于福建泉州,中信书院签约撰稿人,主要作品有《时间的女儿》《国色天香》等。 | |
| 330 | @a本书共分为三部分,主要内容包括:运动员的大脑、大脑训练革命、未来的体育运动革命。读者可以从书中获得提高运动表现的新方法,并将其应用在自己的生活中。 | |
| 510 | 1 | @aThletic brain@ehow neuroscience is revolutionising sport and can help you perform better@zeng |
| 517 | 1 | @a神经科学助你提升运动技能@9shen jing ke xue zhu ni ti sheng yun dong ji neng |
| 606 | 0 | @a运动神经@x影响@x运动技术@x研究 |
| 690 | @aG819@v5 | |
| 701 | 0 | @c(英)@a卡特瓦拉@9ka te wa la@c(Katwala, Amit)@4著 |
| 702 | 0 | @a陈龙斌@9chen long bin@4译 |
| 702 | 0 | @a王傅雷@9wang fu lei@4译 |
| 801 | 2 | @aCN@b58marc.cn@c20190401 |
| 905 | @aZUCC@dG819@e4 | |
| 运动大脑:神经科学助你提升运动技能=The athletic brain:how neuroscience is revolutionising sport and can help you perform better/(英)阿米特·卡特瓦拉(Amit Katwala)著/陈龙斌,王傅雷译.-北京:机械工业出版社,2019 |
| 261页:图;24cm |
| ISBN 978-7-111-61694-8:CNY65.00 |
| 本书共分为三部分,主要内容包括:运动员的大脑、大脑训练革命、未来的体育运动革命。读者可以从书中获得提高运动表现的新方法,并将其应用在自己的生活中。 |
| ● |
| 相关链接 |
|
|
|
正题名:运动大脑
索取号:G819/4
 
预约/预借
| 序号 | 登录号 | 条形码 | 馆藏地/架位号 | 状态 | 备注 |
| 1 | 2000879037 | 2000879037 | 第二书库/ [索取号:G819/4] | 在馆 | |
| 2 | 2000879038 | 2000879038 | 第二书库/ [索取号:G819/4] | 在馆 | |
| 3 | 872739 | 2000872739 | 第二书库/ [索取号:G819/4] | 在馆 | |
| 4 | 872740 | 2000872740 | 第二书库/ [索取号:G819/4] | 在馆 | |
| 5 | 872741 | 2000872741 | 第二书库/ [索取号:G819/4] | 在馆 |